| 000 | 01022nac a22002891u 4500 | ||
|---|---|---|---|
| 003 | EG-ScBUE | ||
| 005 | 20220313153740.0 | ||
| 008 | 200219s1996 enk f d 000 0 eng d | ||
| 020 | _a0304338419 | ||
| 020 | _a9780304338412 | ||
| 040 |
_aEG-ScBUE _beng _erda _cEG-ScBUE _dEG-ScBUE |
||
| 082 | 0 | 4 |
_a850.9 _bCAS _222 |
| 245 | 0 | 0 |
_aCassell dictionary of Italian literature / _c edited by Peter Bondanella, Julia Conaway Bondanella, editors-in-chief, Jody Robin Shiffman, associate editor. |
| 264 | 1 |
_aLondon : _bCassell Wellington House, _c1996. |
|
| 300 |
_axiv, 716 pages ; _c23 cm |
||
| 336 |
_2rdacontent _atext _btxt |
||
| 337 |
_2rdamedia _aunmediated _bn |
||
| 338 |
_2rdacarrier _avolume _bnc |
||
| 650 | 7 |
_aItalian literature _xDictionaries. _2BUEsh |
|
| 651 | _2BUEsh | ||
| 653 |
_bHHUUEENN _cMarch2022 |
||
| 655 |
_vReading book _934232 |
||
| 700 | 1 |
_a Bondanella, Peter _d1943 _eeditor. |
|
| 700 | 1 |
_aBondanella, Julia Conaway, _eeditor. |
|
| 700 | 1 |
_aShiffman, Jody Robin, _eeditor. |
|
| 942 |
_cNB _k850.9 CAS _2ddc |
||
| 999 |
_c9948 _d9948 |
||